00529nam a2200193Ia 4500008004100000020001800041082000800059100002900067245001500096250000600111260002500117300001700142500002400159650001000183700002800193942000700221952009000228999001700318230524s9999 xx 000 0 und d a9788120348691 bSCH aDaniel L.Schodek 942875 0aStructures a7 aNew DelhibPHIc2014 a"XIII,545p:" aQuantity Number: 1 aCivil aMartin Bechthold942876 cBK 00104070aTATCLbTATCLcGENd2023-05-24l0o SCHp54140r2023-05-24w2023-05-24yBK c57848d57848